| 000 | 01235nam a2200289 i 4500 | ||
|---|---|---|---|
| 005 | 20160115032019.0 | ||
| 008 | 150223s2002 ck o gr 00110 spa d | ||
| 020 | _a9589617611 | ||
| 040 |
_aCO-BoBLA _cCO-BoBLA _dCO-BoIAVH |
||
| 041 | _aspa | ||
| 043 | _as-ck--- | ||
| 044 | _ack | ||
| 082 | 0 | 4 |
_a333.72068 _bL84a |
| 100 | 1 | _aLondoño Mejía, Eduardo | |
| 245 | 1 | 0 |
_aÁreas naturales protegidas de Risaralda / _ctextos Eduardo Londoño MejÍa ; fotografías Gilberto Gómez Orozco. |
| 260 |
_aPereira : _bCorporación Autónoma Regional de Risaralda, _c2002. |
||
| 300 |
_a183 páginas : _bfotografías y mapas ; _c29 cm. |
||
| 504 | _aIncluye referencias bibliográficas e índice. | ||
| 650 | 1 | 4 |
_aParques naturales _x Conservación _z Risaralda (Colombia) |
| 650 | 2 | 4 |
_aConservación de los recursos naturales _z Risaralda (Colombia) |
| 650 | 2 | 4 |
_aÁreas de conservación de recursos naturales _z Risaralda (Colombia) |
| 650 | 2 | 4 |
_aÁreas protegidas _z Risaralda (Colombia) |
| 650 | 2 | 4 |
_aProtección del medio ambiente _z Risaralda (Colombia) |
| 700 | 1 |
_aGómez Orozco, Gilberto, _efotografo. |
|
| 942 |
_2ddc _cLIBRO |
||
| 949 |
_an _bn |
||
| 999 |
_c3876 _d3876 |
||